PR-SOF-1758-Wearable Pulse Oximeter with Stress Measurement (Record no. 577894)

000 -LEADER
fixed length control field 00413nam a22001217a 4500
082 ## - DEWEY DECIMAL CLASSIFICATION NUMBER
Classification number 220 PRO
100 ## - MAIN ENTRY--PERSONAL NAME
Personal name NC Musab Abdul Raheem PC Najum Ul Saqib PC Tayyab Shehzad
9 (RLIN) 71302
245 ## - TITLE STATEMENT
Title PR-SOF-1758-Wearable Pulse Oximeter with Stress Measurement
260 ## - PUBLICATION, DISTRIBUTION, ETC.
Place of publication, distribution, etc. ISLAMABAD
Name of publisher, distributor, etc. NUST COLLEGE OF EME
Date of publication, distribution, etc. 2018
650 ## - SUBJECT ADDED ENTRY--TOPICAL TERM
Topical term or geographic name entry element DE-ELECT-36 DECLASS
9 (RLIN) 71303
700 ## - ADDED ENTRY--PERSONAL NAME
Personal name PROJECT SUPERVISOR Dr Tahir Zaidi
9 (RLIN) 71304
942 ## - ADDED ENTRY ELEMENTS (KOHA)
Koha item type Continuing Resources
Holdings
Withdrawn status Lost status Damaged status Not for loan Permanent Location Current Location Shelving location Date acquired Total Checkouts Full call number Barcode Date last seen Price effective from Koha item type
        College of Electrical & Mechanical Engineering (CEME) College of Electrical & Mechanical Engineering (CEME) Reference 12/05/2019   220 PRO PR-SOF-1758 06/28/2021 06/28/2021 Continuing Resources
© 2023 Central Library, National University of Sciences and Technology. All Rights Reserved.